000 00671cam a2200241 a 4500
001 000008877
005 20200929161430.0
008 800806s1987 sp 000 f spa d
020 _a8432230480
040 _aDO-SdBNP
_dBNPHU
082 _aCu863.4
_bC297ac
100 1 _aCarpentier, Alejo,
_d1904-1980.
_98634
245 1 3 _aEl acoso /
_cAlejo Carpentier.
260 _aBarcelona :
_bSeix Barral,
_c1987.
300 _a159 [1] p. ;
_c18 cm.
490 1 _aBibliteca de bolsillo
650 4 _aNovela cubana
_92316
650 4 _aLitertura cubana
_923427
830 0 _aBibliteca de bolsillo
_923428
910 _aCatalogación derivada
910 _aWM
049 _aBNGR
999 _c8646
_d8646